000 nam a22 7a 4500
999 _c8222
_d8222
008 171212b xxu||||| |||| 00| 0 eng d
100 _94648
_aGUPTA.R.A
245 _aMATHEMATICS CBSE -XII
260 _aNEW DELHI
_bFULL MARKS
_c2017-18